<The> Kosovo Dilemmas of the Slovak Diplomacy
Postoj a dilemy slovenskej diplomacie k vyhláseniu nezávislosti srbskej provincie Kosovo. Senzitívny prístup politickej elity a verejnosti k tejto problematike - historické príčiny, vnútorná a zahraničná politika Slovenska. Analýza dilemy slovenskej diplomacie k návrhu riešenia statusu Kosova.
Salvato in:
| Autore principale: | |
|---|---|
| Natura: | Capitolo di libro |
| Lingua: | inglese |
| Soggetti: | |
| Tags: |
Nessun Tag, puoi essere il primo ad aggiungerne!!
|
MARC
| LEADER | 00000naa$a2200000$$$4500 | ||
|---|---|---|---|
| 001 | 0072558 | ||
| 005 | 20240502083208.7 | ||
| 041 | 0 | |a eng | |
| 044 | |a RS | ||
| 245 | 1 | 0 | |a <The> Kosovo Dilemmas of the Slovak Diplomacy |c Peter Weiss |
| 520 | |a Postoj a dilemy slovenskej diplomacie k vyhláseniu nezávislosti srbskej provincie Kosovo. Senzitívny prístup politickej elity a verejnosti k tejto problematike - historické príčiny, vnútorná a zahraničná politika Slovenska. Analýza dilemy slovenskej diplomacie k návrhu riešenia statusu Kosova. | ||
| 610 | 2 | 0 | |a diplomacia |
| 610 | 2 | 0 | |a politika zahraničná |
| 610 | 2 | 0 | |a vzťahy politické medzinárodné |
| 610 | 2 | 0 | |a Slovensko |
| 610 | 2 | 0 | |a Srbsko |
| 100 | 1 | |a Weiss, Peter | |